[Event "EU-ch Hybrid U10"]
[Site "Tornelo INT"]
[Date "2021.10.15"]
[Round "5"]
[White "Tsolov, Aleksandar"]
[Black "Pyatnitsyn, Matvey A"]
[Result "1-0"]
[WhiteElo "1441"]
[BlackElo "1195"]
[PlyCount "99"]
[EventDate "2021.10.15"]
[EventType "swiss"]
[EventRounds "9"]
[EventCountry "NET"]
[SourceTitle "EXT 2023"]
[Source "ChessBase"]
[SourceDate "2022.10.05"]
[SourceVersion "1"]
[SourceVersionDate "2022.10.05"]
[SourceQuality "1"]
[WhiteTeam "Bulgaria"]
[BlackTeam "Russia"]
[WhiteTeamCountry "BUL"]
[BlackTeamCountry "RUS"]

1. e4 c5 2. Nf3 g6 3. d4 cxd4 4. Nxd4 Nc6 5. Nxc6 bxc6 6. c4 Bg7 7. Be2 d6 8. Qc2 Nf6 9. Nc3 0-0 10. Be3 Be6 11. Rd1 Ng4 12. Bxg4 Bxg4 13. f3 Be6 14. c5 f5 15. cxd6 exd6 16. Bc5 Be5 17. Bxd6 Bxd6 18. e5 Bd5 19. exd6 Re8+ 20. Ne2 Qxd6 21. 0-0 Qe5 22. Nc3 Qe3+ 23. Qf2 Qxf2+ 24. Kxf2 Rad8 25. Nxd5 Rxd5 26. Rxd5 cxd5 27. Rd1 Rd8 28. Ke3 Kf7 29. Rc1 Rd7 30. Kd4 Ke6 31. Rc6+ Kf7 32. b4 Ke8 33. a4 Rb7 34. b5 Rd7 35. a5 Rb7 36. b6 axb6 37. axb6 Rd7 38. Rc8+ Ke7 39. Rc7 Rxc7 40. bxc7 Kd7 41. Kxd5 Kxc7 42. Ke6 Kc6 43. Kf6 Kd6 44. Kg7 Ke6 45. Kxh7 Kf6 46. Kh6 f4 47. g4 fxg3 48. hxg3 Kf7 49. g4 Kf6 50. f4 1-0